Série TV Urgences - Reliez 20 Célébrités à un rôle joué dans la série - Statistiques

Statistiques générales
  • Ce quiz a été pris 39 fois
  • Le résultat moyen est 7 sur 20
Statistiques - réponses
Hint Réponse % Correct
Dr Douglas Ross (seul rôle majeur du quiz) George Clooney (acteur)
83%
Une Grand-mère (d'un jeune accidenté dont s'occupent Carol et Doug) Susan Sarandon (actrice/militante)
67%
Charlie (jeune prostituée que Doug Ross veut sortir de la rue) Kirsten Dunst (actrice)
53%
Curtis Ames (ancien patient qui attaque Kovač et l’hôpital pour négligence) Forest Whitaker (acteur)
47%
Lui même Scottie Pippen (basketteur)
47%
Delia Chadsey (Patiente qui est atteinte de leucémie. L'adolescente a besoin d'une greffe de moelle osseuse.) Dakota Fanning (actrice)
39%
Doug (grand frère d'une famille que Pratt arrive à convaincre de s'occuper en l absence de la mère hospitalisée pour leur éviter le foyer) Aaron Paul (acteur)
36%
Donna, Une baby-sitter Eva Mendes (actrice/mannequin)
36%
Duncan Stewart (fait un hold-up dans l'épicerie où Carol Hathaway était allée faire ses courses) Ewan McGregor (acteur)
36%
Dahlia Taslitz (amène son père en fin de vie) Jessica Chastain (actrice)
36%
Charlie Pratt (père de Gregory Pratt) Danny Glover (acteur)
33%
Paul Nathan, élève en chirurgie d'Elisabeth Corday (il s'avère être atteint de la maladie de Parkinson) Don Cheadle (acteur)
31%
Alice Watson (admise aux urgences après un accident d'avion) Serena Williams (joueuse de tennis)
28%
Blair Collins (Une patiente qui sort de coma) Stana Katic (actrice)
25%
Larkin (pompier avec les jambes bloquées sous un train) Jeffrey Dean Morgan (acteur)
22%
Bobby Neville (un patient après avoir été blessé par balle, décédé plus tard des suites de ses blessures) Zac Efron (acteur)
22%
Mr Langston (un mari prenant soin de son épouse atteinte de la maladie d'Alzheimer) Eli Wallach (acteur)
19%
Mike Palmieri (jeune joueur de football américain admis après une bagarre) Wentworth Miller (acteur)
19%
Darnell Smith (enfant souffrant de dystrophie musculaire) Shia LaBeouf (acteur)
17%
Un médecin au nom inconnu Tobin Bell (acteur)
8%
Aucun quiz correspondant
Distribution des résultats
% des personnes avec chaque résultat
Percentile par nombre de réponses
Votre historique - résultats
Vous n’avez pas pris ce quiz